[Event "DVM U10 2013"]
[Site "Magdeburg GER"]
[Date "2013.12.28"]
[Round "3"]
[White "Rößl, Mira"]
[Black "Polzer, Luis"]
[Result "0-1"]
[Termination "normal"]
[Board "20.3"]
[WhiteElo "672"]
[BlackElo "600"]
[WhiteTeam "TuRa Harksheide 2"]
[BlackTeam "Braunschweiger SF"]
[EventCountry "GER"]
[EventRounds "6"]
[EventType "team-swiss"]
[EventDate "2013.12.27"]

1. e4 e5 2. Nf3 Bd6 3. d4 Ne7 4. dxe5 Bc5 5. Bc4 O-O 6. Ng5 Ng6 7. Bxf7+ Kh8 8.
O-O Qe7 9. Qd5 Bd6 10. Nc3 Bxe5 11. Nb5 c6 12. Qc4 cxb5 13. Qxb5 a6 14. Qd5 d6
15. Be6 Nf4 16. Qc4 Bxe6 17. Bxf4 Bxc4 18. Rfd1 Bxf4 19. Rd4 Bb5 20. Nf3 Be2
21. Nd2 Nc6 22. Rd5 Qe6 23. Nc4 Bxc4 24. Rh5 Qg6 25. Rh4 Qg5 26. g3 Be5 27. f4
Qf6 28. Rf1 Bxf1 29. Kxf1 Bxf4 30. gxf4 Qxh4 31. Ke2 Nd4+ 32. Kd2 Qxf4+ 33. Kc3
Qxe4 34. a3 Rac8+ 35. Kd2 Nxc2 36. Kc1 Qe1# 0-1

[Event "DVM U10 2013"]
[Site "Magdeburg GER"]
[Date "2013.12.28"]
[Round "3"]
[White "Brunzendorf, Tanja"]
[Black "Rößl, Sara"]
[Result "1-0"]
[Termination "normal"]
[Board "20.4"]
[WhiteElo "600"]
[BlackElo "600"]
[WhiteTeam "Braunschweiger SF"]
[BlackTeam "TuRa Harksheide 2"]
[BlackFideId "16255828"]
[EventCountry "GER"]
[EventRounds "6"]
[EventType "team-swiss"]
[EventDate "2013.12.27"]

1. e4 e5 2. Nc3 Nc6 3. Nf3 Bb4 4. Bb5 Nf6 5. a3 Bxc3 6. dxc3 O-O 7. Bxc6 dxc6
8. Qxd8 Rxd8 9. Bg5 Bg4 10. Nxe5 Re8 11. Bxf6 gxf6 12. Nxg4 Rxe4+ 13. Ne3 Re5
14. O-O f5 15. Nc4 Rc5 16. b3 Rd5 17. Ne3 Re5 18. Rfe1 f4 19. Ng4 Rxe1+ 20.
Rxe1 f5 21. Nh6+ Kg7 22. Nxf5+ Kf6 23. Nd4 c5 24. Nb5 c6 25. Nc7 Rc8 26. Ne8+
Kf7 27. Nd6+ Kf6 28. Nxc8 Kf5 29. Nd6+ Kf6 30. Ne4+ Ke6 31. Nxc5+ Kd6 32. Nxb7+
Kc7 33. Nc5 Kb6 34. Ne6 c5 35. Nxf4 Kb5 36. c4+ Ka5 37. Nd5 a6 38. b4+ Ka4 39.
bxc5 Kxa3 40. c6 a5 41. c7 Kb2 42. c8=Q a4 43. Qb7+ Kxc2 44. Qb1+ Kd2 45. Qd1#
1-0

[Event "DVM U10 2013"]
[Site "Magdeburg GER"]
[Date "2013.12.28"]
[Round "3"]
[White "Ehmann, Tim"]
[Black "Meyer, Jessica"]
[Result "0-1"]
[Termination "normal"]
[Board "21.2"]
[WhiteElo "791"]
[BlackElo "802"]
[WhiteTeam "Spvgg Rommelshausen"]
[BlackTeam "Meuselwitzer SV"]
[BlackFideId "16230019"]
[EventCountry "GER"]
[EventRounds "6"]
[EventType "team-swiss"]
[EventDate "2013.12.27"]

1. e4 e5 2. Nf3 Nc6 3. Bc4 Bc5 4. Ng5 Qxg5 5. d3 Qe7 6. Nc3 d6 7. Nd5 Qd8 8.
Qf3 f6 9. Qg3 g6 10. Qh4 Nd4 11. O-O Nxc2 12. Rb1 Be6 13. Nxc7+ Qxc7 14. Bxe6
Qg7 15. Bh6 Nxh6 16. Rbc1 Nd4 17. a3 Nxe6 18. b4 Bb6 19. Rc2 a5 20. Ra1 axb4
21. Rca2 O-O 22. axb4 Rac8 23. Qh3 Nf4 24. Qf3 Qc7 25. h4 g5 26. Qd1 Qd7 27.
Qb3+ Kh8 0-1

[Event "DVM U10 2013"]
[Site "Magdeburg GER"]
[Date "2013.12.28"]
[Round "3"]
[White "Watzek, Luna"]
[Black "Raichle, Simon"]
[Result "0-1"]
[Termination "normal"]
[Board "21.3"]
[WhiteElo "745"]
[BlackElo "731"]
[WhiteTeam "Meuselwitzer SV"]
[BlackTeam "Spvgg Rommelshausen"]
[EventCountry "GER"]
[EventRounds "6"]
[EventType "team-swiss"]
[EventDate "2013.12.27"]

1. e4 e5 2. Nf3 Nc6 3. Bc4 f5 4. Nc3 Nf6 5. d3 h6 6. Be3 f4 7. Bd2 Bc5 8. O-O
d6 9. Bb5 Qe7 10. Qe1 Qf7 11. h3 Qg6 12. Bxc6+ bxc6 13. Qe2 Bxh3 14. Nh4 Qg5
15. Qf3 Qxh4 16. Qxh3 Qxh3 17. gxh3 Nh5 18. Ne2 O-O 19. a3 f3 20. Nc3 Ng3 21.
Rab1 Rf6 22. Be3 Ne2+ 23. Nxe2 fxe2 24. Rfe1 Rg6+ 25. Kh2 Bxe3 26. fxe3 Rf8 27.
Rxe2 Rf3 28. d4 Rgg3 29. h4 Rh3+ 30. Kg2 Rfg3+ 31. Kf1 Rh1+ 32. Kf2 Rxb1 33.
Kxg3 Rg1+ 34. Rg2 Rb1 35. b4 exd4 36. exd4 Ra1 37. e5 Rxa3+ 38. Kg4 Ra4 39. c3
Ra3 40. Rg3 a5 41. bxa5 Rxa5 42. exd6 cxd6 43. c4 Ra4 44. Rc3 d5 45. cxd5 cxd5
46. Rd3 Ra1 47. Kh5 Rf1 48. Kg6 Rf6+ 0-1

[Event "DVM U10 2013"]
[Site "Magdeburg GER"]
[Date "2013.12.28"]
[Round "3"]
[White "Kohleisen, Konstantin"]
[Black "Zehr, Selina"]
[Result "1-0"]
[Termination "normal"]
[Board "21.4"]
[WhiteElo "806"]
[BlackElo "788"]
[WhiteTeam "Spvgg Rommelshausen"]
[BlackTeam "Meuselwitzer SV"]
[BlackFideId "16235282"]
[EventCountry "GER"]
[EventRounds "6"]
[EventType "team-swiss"]
[EventDate "2013.12.27"]

1. e4 e5 2. Nf3 Nc6 3. Bb5 Bc5 4. Nxe5 Nxe5 5. d4 Bb4+ 6. Bd2 Ng4 7. O-O Bxd2
8. Nxd2 c6 9. Bc4 h6 10. Qf3 d6 11. Qxf7# 1-0

[Event "DVM U10 2013"]
[Site "Magdeburg GER"]
[Date "2013.12.28"]
[Round "3"]
[White "Wilhelm, Anna-Lena"]
[Black "Demirkiran, Can Max"]
[Result "0-1"]
[Termination "normal"]
[Board "22.2"]
[WhiteElo "793"]
[BlackElo "866"]
[WhiteTeam "SG Blau-Weiß Stadtilm 2"]
[BlackTeam "SK Weisse Dame Hamburg"]
[WhiteFideId "16230094"]
[EventCountry "GER"]
[EventRounds "6"]
[EventType "team-swiss"]
[EventDate "2013.12.27"]

1. e4 e5 2. Nf3 Nc6 3. Bc4 Bc5 4. d3 Nf6 5. Nc3 d6 6. Bg5 Bg4 7. Bxf6 Qxf6 8.
h3 Be6 9. Bb3 Qg6 10. Nh4 Qg5 11. g3 Qf6 12. Qd2 O-O-O 13. O-O-O Qxf2 14. Qg5
Be3+ 15. Qxe3 Qxe3+ 16. Kb1 Qxg3 17. Nf3 Qxf3 18. Rhf1 Qh5 19. h4 Bxb3 20. cxb3
Rde8 21. Rf5 Qg6 22. h5 Qg2 23. Rf2 Qg4 24. Rc1 Re6 25. Rh1 Qf3 26. Rfh2 Qxd3+
27. Rc2 Qxc2+ 28. Ka1 Qg2 29. Rb1 Rf6 0-1

[Event "DVM U10 2013"]
[Site "Magdeburg GER"]
[Date "2013.12.28"]
[Round "3"]
[White "Türk, Janusch"]
[Black "Schmidt, Pauline"]
[Result "0-1"]
[Termination "normal"]
[Board "22.3"]
[WhiteElo "805"]
[BlackElo "729"]
[WhiteTeam "SK Weisse Dame Hamburg"]
[BlackTeam "SG Blau-Weiß Stadtilm 2"]
[WhiteFideId "16216717"]
[BlackFideId "16209850"]
[EventCountry "GER"]
[EventRounds "6"]
[EventType "team-swiss"]
[EventDate "2013.12.27"]

1. e4 e5 2. Nf3 Nc6 3. Bc4 Bc5 4. c3 Nf6 5. d3 h6 6. Bb3 d6 7. h3 Be6 8. Bc2
Qd7 9. O-O O-O-O 10. Be3 Bb6 11. Nbd2 g5 12. b4 a6 13. a4 g4 14. hxg4 Bxg4 15.
b5 Na5 16. bxa6 bxa6 17. Bxb6 cxb6 18. Nb3 Bh3 19. Nxa5 bxa5 20. d4 exd4 21.
cxd4 Bxg2 22. Kxg2 Rdg8+ 23. Kh2 Qg4 24. Rg1 Qh5+ 0-1

[Event "DVM U10 2013"]
[Site "Magdeburg GER"]
[Date "2013.12.28"]
[Round "3"]
[White "Gölitz, Lia"]
[Black "Tolle-Hampel, Theo"]
[Result "0-1"]
[Termination "normal"]
[Board "22.4"]
[WhiteElo "755"]
[BlackElo "600"]
[WhiteTeam "SG Blau-Weiß Stadtilm 2"]
[BlackTeam "SK Weisse Dame Hamburg"]
[WhiteFideId "16230116"]
[EventCountry "GER"]
[EventRounds "6"]
[EventType "team-swiss"]
[EventDate "2013.12.27"]

1. e4 e5 2. Nf3 Nc6 3. Bc4 Bc5 4. Nc3 Nf6 5. d3 d6 6. h3 Be6 7. Bg5 Qe7 8. Qd2
O-O-O 9. O-O Bxc4 10. dxc4 Kb8 11. Nd5 Qe6 12. Rfb1 h6 13. Bxf6 gxf6 14. a3 f5
15. exf5 Qxf5 16. b4 Bd4 17. Ra2 Qg6 18. b5 Rhg8 19. Kf1 Qxg2+ 20. Ke2 Qxf2+
21. Kd3 Qxf3+ 22. Ne3 Bxe3 23. Qxe3 Qxe3+ 24. Kxe3 Nd4 25. Rba1 Rg3+ 26. Kd2
Rxh3 27. a4 Rh2+ 28. Kd3 Kc8 29. b6 cxb6 30. c3 Rxa2 31. Rxa2 Nf5 32. Rf2 Ng3
33. Rxf7 h5 34. Rf3 h4 35. Rf2 Rh8 36. Rh2 h3 37. Ke3 Nf1+ 38. Kf2 Nxh2 39. Kg3
Nf1+ 40. Kf2 Nd2 41. Ke3 Nxc4+ 42. Kd3 Na5 43. Kc2 h2 44. Kd3 h1=Q 0-1

[Event "DVM U10 2013"]
[Site "Magdeburg GER"]
[Date "2013.12.28"]
[Round "3"]
[White "Trautmann, Leon"]
[Black "Tünte, Henning"]
[Result "0-1"]
[Termination "normal"]
[Board "23.1"]
[WhiteElo "868"]
[BlackElo "790"]
[WhiteTeam "SG Blau-Weiß Stadtilm 3"]
[BlackTeam "SG Turm Raesfeld/Erle 2"]
[EventCountry "GER"]
[EventRounds "6"]
[EventType "team-swiss"]
[EventDate "2013.12.27"]

1. e4 e5 2. Nf3 Nf6 3. Nc3 Nc6 4. Bc4 Bc5 5. d3 h6 6. Be3 Bb6 7. Bb3 d6 8. h3
O-O 9. Qd2 Bxe3 10. fxe3 Be6 11. O-O-O Nb4 12. d4 c5 13. dxe5 dxe5 14. Nxe5
Qxd2+ 15. Rxd2 c4 16. Ba4 a6 17. Bd7 Rfe8 18. Bxe8 Rxe8 19. a3 Na2+ 20. Nxa2
Nxe4 21. Rd4 Bxh3 22. Rxh3 Rxe5 23. Rxc4 b5 24. Rc8+ Kh7 25. Rc7 Rf5 26. Rh4
Rf1# 0-1

[Event "DVM U10 2013"]
[Site "Magdeburg GER"]
[Date "2013.12.28"]
[Round "3"]
[White "Langenhorst, Janis"]
[Black "Wierling, Dennis"]
[Result "1/2-1/2"]
[Termination "normal"]
[Board "23.2"]
[WhiteElo "600"]
[BlackElo "795"]
[WhiteTeam "SG Turm Raesfeld/Erle 2"]
[BlackTeam "SG Blau-Weiß Stadtilm 3"]
[EventCountry "GER"]
[EventRounds "6"]
[EventType "team-swiss"]
[EventDate "2013.12.27"]

1. e4 e5 2. Nf3 Nc6 3. Bc4 Nf6 4. Nc3 Bc5 5. O-O O-O 6. d3 d6 7. h3 Be6 8. Bb3
h6 9. Be3 Qd7 10. Bxe6 fxe6 11. Nh4 Bxe3 12. fxe3 d5 13. Ng6 Rf7 14. d4 exd4
15. exd4 dxe4 16. b4 Nxd4 17. Ne5 Nf3+ 18. gxf3 Qxd1 19. Nxd1 Rff8 20. fxe4
Nxe4 21. Nd7 Rfd8 22. Nc5 Nd2 23. Nxb7 Rdb8 24. Rf2 Ne4 25. Re2 Ng3 26. Rg2
Rxb7 27. Rxg3 Rxb4 28. Nc3 Rc4 29. Rd1 Rb4 30. Rgd3 Rc4 31. Rd8+ Rxd8 32. Rxd8+
Kh7 33. Rd3 e5 34. Re3 Kg6 35. Nb5 a6 36. Na3 Ra4 37. c4 c5 38. Rg3+ Kh5 39.
Re3 Kh4 40. Kf1 g5 41. Kg2 h5 42. Re4+ g4 43. hxg4 Rxa3 44. gxh5+ Kxh5 45.
Rxe5+ Kg4 46. Re4+ Kf5 47. Re2 Kg5 48. Re5+ Kf4 49. Re2 Rg3+ 50. Kf1 Rf3+ 51.
Ke1 Re3 52. Kf1 Rf3+ 53. Ke1 Kg3 54. Re6 Kg2 55. Rg6+ Kh1 56. Ke2 Rh3 57. Kf2
Rh2+ 58. Kg3 Rg2+ 59. Kf3 Rxg6 60. Ke4 Rd6 61. Ke5 Rd4 62. a4 a5 63. Ke6 Rxc4
64. Kd6 Rxa4 65. Kxc5 Ra1 66. Kb5 Kg1 67. Kc4 Kf1 68. Kc3 Ke1 69. Kb2 Rd1 70.
Kc2 Rd2+ 71. Kb3 Rd3+ 72. Ka4 Rd5 73. Kb3 Kd2 74. Kc4 Kc2 75. Kxd5 a4 76. Kc4
a3 77. Kb4 a2 78. Ka3 a1=Q+ 79. Kb4 Qb2+ 80. Kc4 Qc3+ 81. Kd5 Kd3 82. Ke6 Qc6+
83. Ke5 Qc5+ 84. Ke6 Qc4+ 85. Ke5 Qe4+ 86. Kd6 {Rest nicht nachvollziehbar}
1/2-1/2

[Event "DVM U10 2013"]
[Site "Magdeburg GER"]
[Date "2013.12.28"]
[Round "3"]
[White "Prasser, Oskar"]
[Black "Wenning, Thilo"]
[Result "1-0"]
[Termination "normal"]
[Board "23.3"]
[WhiteElo "600"]
[BlackElo "600"]
[WhiteTeam "SG Blau-Weiß Stadtilm 3"]
[BlackTeam "SG Turm Raesfeld/Erle 2"]
[EventCountry "GER"]
[EventRounds "6"]
[EventType "team-swiss"]
[EventDate "2013.12.27"]

1. e4 e5 2. Nf3 Nc6 3. Bc4 Bc5 4. Nc3 Nh6 5. d3 Ng4 6. O-O Qf6 7. Bg5 Bxf2+ 8.
Kh1 Bc5 9. Bxf6 Nf2+ 10. Rxf2 Bxf2 11. Bxg7 Rg8 12. Bh6 d5 13. exd5 b5 14. Bxb5
a6 15. Bxc6+ Ke7 16. Bxa8 e4 17. dxe4 Bg4 18. Na4 Rg6 19. Bf4 c5 20. Nxc5 Bxc5
21. Bb7 Bd6 22. e5 Bb4 23. d6+ Ke6 24. Be4 f5 25. Bd3 h5 26. Nh4 Bxd1 27. Rxd1
Rg4 28. g3 a5 29. Bb5 Rg8 30. Ng2 Rb8 31. Bc4+ Kd7 32. e6+ Kd8 33. e7+ Kd7 34.
c3 Bc5 35. Nh4 Rxb2 36. Ng6 Bb6 1-0

[Event "DVM U10 2013"]
[Site "Magdeburg GER"]
[Date "2013.12.28"]
[Round "3"]
[White "Mühl, Sophia"]
[Black "Kirsch, Martin"]
[Result "0-1"]
[Termination "normal"]
[Board "23.4"]
[WhiteElo "600"]
[BlackElo "600"]
[WhiteTeam "SG Turm Raesfeld/Erle 2"]
[BlackTeam "SG Blau-Weiß Stadtilm 3"]
[BlackFideId "2925630"]
[EventCountry "GER"]
[EventRounds "6"]
[EventType "team-swiss"]
[EventDate "2013.12.27"]

1. e4 e5 2. Nf3 Nc6 3. Bc4 Bc5 4. c3 Nf6 5. d4 d6 6. dxe5 dxe5 7. Bg5 Bg4 8.
Bh4 O-O 9. h3 Bh5 10. O-O Qxd1 11. Rxd1 Rad8 12. Rxd8 Rxd8 13. g4 Rd1+ 14. Kg2
Bg6 15. Nfd2 Nxe4 16. f3 Nxd2 17. b3 Nxb1 18. Be2 Rd2 19. Kf1 Nxc3 20. Re1 Rxe2
21. Rxe2 Nxe2 22. Kxe2 Nb4 23. a3 Nd5 24. a4 Nf4+ {Rest nicht nachvollziehbar}
0-1

[Event "DVM U10 2013"]
[Site "Magdeburg GER"]
[Date "2013.12.28"]
[Round "3"]
[White "Rößler, Karl-Georg"]
[Black "Mirschel, Thaddeus"]
[Result "1-0"]
[Termination "normal"]
[Board "24.1"]
[WhiteElo "1063"]
[BlackElo "774"]
[WhiteTeam "SC 1994 Oberland 1"]
[BlackTeam "Schachzwerge Magdeburg 2"]
[WhiteFideId "12984469"]
[BlackFideId "16277570"]
[EventCountry "GER"]
[EventRounds "6"]
[EventType "team-swiss"]
[EventDate "2013.12.27"]

1. e4 e5 2. Nf3 Nc6 3. Bc4 Nf6 4. Ng5 d5 5. exd5 Nxd5 6. Nxf7 Qh4 7. Nxh8 Qxc4
8. d3 Qd4 9. c3 Bb4 10. Qh5+ g6 11. Qxh7 Bg4 12. Qxg6+ Kd7 13. O-O Rxh8 14.
cxd4 Nxd4 15. Qxg4+ Kd8 16. Bg5+ Be7 17. Nc3 Rg8 18. Qh5 {nicht mehr
nachvollziehbar} 1-0

[Event "DVM U10 2013"]
[Site "Magdeburg GER"]
[Date "2013.12.28"]
[Round "3"]
[White "Heutling, Elina"]
[Black "Lieding, Alexander"]
[Result "1-0"]
[Termination "normal"]
[Board "24.2"]
[WhiteElo "850"]
[BlackElo "893"]
[WhiteTeam "Schachzwerge Magdeburg 2"]
[BlackTeam "SC 1994 Oberland 1"]
[WhiteFideId "16244729"]
[EventCountry "GER"]
[EventRounds "6"]
[EventType "team-swiss"]
[EventDate "2013.12.27"]

1. e4 e5 2. Nf3 Nc6 3. Bc4 d6 4. Nc3 Bg4 5. h3 Bd7 6. d3 Qe7 7. Nd5 Qd8 8. Bg5
f6 9. Bh4 g5 10. Bg3 g4 11. hxg4 Bxg4 12. Qe2 Qd7 13. Qe3 O-O-O 14. Bb5 Bh6 15.
Qe2 Qe6 16. a3 Nd4 17. Qf1 Bxf3 18. gxf3 Nxc2+ 19. Kd1 Nxa1 20. Bc4 Qd7 21. Ke2
Qa4 22. Qxa1 Qc2+ 23. Kf1 c6 24. Nb4 Qd2 25. Be6+ Kc7 26. Qe1 Qxb2 27. a4 c5
28. Nd5+ Kc6 29. Qa5 Qc1+ 30. Kg2 b6 31. Qxa7 Qxh1+ 32. Kxh1 Rc8 33. Qd7# 1-0

[Event "DVM U10 2013"]
[Site "Magdeburg GER"]
[Date "2013.12.28"]
[Round "3"]
[White "Weber, Willi"]
[Black "Rößler, Philipp"]
[Result "0-1"]
[Termination "normal"]
[Board "24.4"]
[WhiteElo "600"]
[BlackElo "696"]
[WhiteTeam "Schachzwerge Magdeburg 2"]
[BlackTeam "SC 1994 Oberland 1"]
[BlackFideId "16209885"]
[EventCountry "GER"]
[EventRounds "6"]
[EventType "team-swiss"]
[EventDate "2013.12.27"]

1. e4 e5 2. Bc4 Nf6 3. Nc3 Bc5 4. Nf3 d6 5. Bb5+ Nc6 6. O-O Bg4 7. h3 Bh5 8. g4
Bg6 9. d3 d5 10. Re1 O-O 11. Bg5 h6 12. Bh4 dxe4 13. dxe4 Qxd1 14. Raxd1 Rad8
15. a3 Nxe4 16. Bxd8 Nxd8 17. Nxe4 Bxe4 18. Be2 Ne6 19. Rd2 Nf4 20. Red1 Nxe2+
21. Rxe2 Bxf3 22. Ree1 Bxd1 23. Rxd1 g6 24. b4 Bd4 25. a4 h5 26. gxh5 gxh5 27.
a5 Bc3 28. Rb1 f5 29. Rb3 Bd4 30. b5 b6 31. axb6 axb6 32. Rg3+ Kh7 33. Rg5 Rf6
34. Rxh5+ Kg6 35. Rh4 Rf7 36. Kg2 Rh7 37. Kg3 Rxh4 38. Kxh4 Bxf2# 0-1

[Event "DVM U10 2013"]
[Site "Magdeburg GER"]
[Date "2013.12.28"]
[Round "3"]
[White "Krüger, Oliver"]
[Black "Späth, Carl-Luca"]
[Result "0-1"]
[Termination "normal"]
[Board "25.1"]
[WhiteElo "771"]
[BlackElo "784"]
[WhiteTeam "SF Hettstedt"]
[BlackTeam "SK Neumarkt e.V."]
[WhiteFideId "16246985"]
[EventCountry "GER"]
[EventRounds "6"]
[EventType "team-swiss"]
[EventDate "2013.12.27"]

1. d4 e6 2. Bf4 Qf6 3. e3 Nc6 4. Nc3 Bd6 5. Bxd6 cxd6 6. Nb5 Qd8 7. Nxd6+ Ke7
8. Ne4 d5 9. Nc3 Qa5 10. Bb5 Bd7 11. Nf3 Nb4 12. Bxd7 Kxd7 13. Ne5+ Ke7 14. O-O
Nf6 15. a3 Nc6 16. Nf3 Rhe8 17. h3 Kf8 18. Ne5 Nxe5 19. dxe5 Ne4 20. Nxe4 dxe4
21. Qg4 Qxe5 22. c3 h6 23. Rad1 Kg8 24. Rd4 f5 25. Qh4 Qb5 26. b4 Qa4 27. Ra1
Qc2 28. Rc4 Qb2 29. Rf1 Qb3 30. Rc7 Qxa3 31. Qg3 g5 32. Qe5 Qxc3 33. Qxc3 e5
34. Qc4+ Kh8 35. Qf7 Re7 36. Qxe7 Rg8 37. Qh7# 0-1

[Event "DVM U10 2013"]
[Site "Magdeburg GER"]
[Date "2013.12.28"]
[Round "3"]
[White "Gartenbach, Robin"]
[Black "Franke, Josef"]
[Result "0-1"]
[Termination "normal"]
[Board "25.3"]
[WhiteElo "600"]
[BlackElo "815"]
[WhiteTeam "SF Hettstedt"]
[BlackTeam "SK Neumarkt e.V."]
[EventCountry "GER"]
[EventRounds "6"]
[EventType "team-swiss"]
[EventDate "2013.12.27"]

1. e4 e5 2. Nf3 Nc6 3. Nc3 Bd6 4. Bc4 Na5 5. d3 Nxc4 6. dxc4 Bb4 7. O-O Nf6 8.
Bg5 Bxc3 9. bxc3 d6 10. c5 Bg4 11. cxd6 Bxf3 12. Qxf3 h6 13. Be3 O-O 14. Qg3
Nh5 15. Qg4 g6 16. Bxh6 Re8 17. dxc7 Qxc7 18. Qe2 Rad8 19. Bg5 f6 20. Qg4 Qxc3
{Rest nicht nachvollziehbar} 0-1